000 00439nam a2200193Ia 4500
005 20250603144434.0
008 250603s9999 xx 000 0 und d
020 _a9780495506171
050 _aRJ 499 .M37/
100 _aMash, Eric J.
245 0 _aAbnormal child psychology
250 _a4th ed.
260 _aWadsworth
260 _bCengage Learning
260 _c2010
300 _a557 p
650 _aWadsworth
942 _cBK
999 _c38923
_d38923